000 00339pam a2200157a 44500
008 230515b1993 xxu||||| |||| 00| 0 eng d
020 _aNULL
041 _aENGLISH
082 _aN.D.
100 _aDesai Bipin c
245 _aDatabase System
250 _a0
260 _aNULL
_bGalgotia Pub.
_c1993
300 _a820
650 _aNULL
999 _c575355
_d575355